UITU Library & LRC     

Generation of Electricity Through Speed Breaker (Record no. 27963)

MARC details
000 -LEADER
fixed length control field 00493nam a2200133Ia 4500
008 - FIXED-LENGTH DATA ELEMENTS--GENERAL INFORMATION
fixed length control field 250506s9999 xx 000 0 und d
024 ## - OTHER STANDARD IDENTIFIER
Standard number or code 08B-09-EE, 08B-16-EE, 08B-18-EE, 08B-52-EE & 08B-61-EE
082 ## - DEWEY DECIMAL CLASSIFICATION NUMBER
Classification number 621.31072 OMA
100 ## - MAIN ENTRY--PERSONAL NAME
Personal name Omais Ahmed, Rauf Elahi, Muhammad Umair, Nazaar Baakza & Muhammad Yaseen Akbar
245 #0 - TITLE STATEMENT
Title Generation of Electricity Through Speed Breaker
260 ## - PUBLICATION, DISTRIBUTION, ETC.
Place of publication, distribution, etc. Karachi:
Name of publisher, distributor, etc. UIT,
Date of publication, distribution, etc. 2008
600 ## - SUBJECT ADDED ENTRY--PERSONAL NAME
Personal name Electronic Engineering
650 ## - SUBJECT ADDED ENTRY--TOPICAL TERM
Topical term or geographic name entry element Bachelor of Engineering (BE)
Holdings
Withdrawn status Lost status Damaged status Not for loan Collection Home library Current library Date acquired Total checkouts Full call number Barcode Date last seen Price effective from Koha item type
        PR-Electrical Engineering UITU Library UITU Library 07/26/2022   621.31072 OMA EE-211 05/06/2025 05/06/2025 Project Report

Powered by Koha